Gas Tables Thermodynamics properties of Air Products of Combustion and component Gases compressible Flow Function(BTU) (Record no. 308740)
[ view plain ]
| 000 -LEADER | |
|---|---|
| fixed length control field | 00495 a2200157 4500 |
| 001 - CONTROL NUMBER | |
| control field | 73667 |
| 082 ## - DEWEY DECIMAL CLASSIFICATION NUMBER | |
| Classification number | 621.43021 KEE |
| 090 ## - LOCALLY ASSIGNED LC-TYPE CALL NUMBER (OCLC); LOCAL CALL NUMBER (RLIN) | |
| -- | 38972 |
| -- | 38972 |
| 100 ## - MAIN ENTRY--PERSONAL NAME | |
| Personal name | Keenan,Joseph |
| 245 ## - TITLE STATEMENT | |
| Title | Gas Tables Thermodynamics properties of Air Products of Combustion and component Gases compressible Flow Function(BTU) |
| Remainder of title | Gas Tables |
| 250 ## - EDITION STATEMENT | |
| Edition statement | 1 st |
| 260 ## - PUBLICATION, DISTRIBUTION, ETC. | |
| Place of publication, distribution, etc. | New york |
| Name of publisher, distributor, etc. | John wiley & sons |
| 300 ## - PHYSICAL DESCRIPTION | |
| Extent | 280 p |
| Other physical details | Photocopy |
| 500 ## - GENERAL NOTE | |
| General note | BE Text Book Aerospace |
| 520 ## - SUMMARY, ETC. | |
| Summary, etc. | BE Text Book Aerospace |
| 942 ## - ADDED ENTRY ELEMENTS (KOHA) | |
| Institution code [OBSOLETE] | caenust |
| Call number prefix | 621.43021 KEE |
| Withdrawn status | Lost status | Damaged status | Not for loan | Collection code | Permanent Location | Current Location | Date acquired | Total Checkouts | Full call number | Barcode | Date last seen | Price effective from | Koha item type |
|---|---|---|---|---|---|---|---|---|---|---|---|---|---|
| College of Aeronautical Engineering (CAE) | College of Aeronautical Engineering (CAE) | 04/03/2017 | 621.43021 KEE | CAE82026A | 04/05/2017 | 04/05/2017 | Book |
